00788 a2200181 45000010006000000050017000060080041000230030015000640400040000790800036001192450041001552640039001963000019002355050303002540410008005571000017005657000024005825672820260407155830.0260407a1959 arg spa dAR-UNSa-BCEJYS aAR-UNSa-BCEJYSbspacAR-UNSa-BCEJYS a001(09)xHistoria de la Ciencia10aHistoria y Filosofía de la Ciencia 1aBarcelona :bEdiciones Arielc1959 a399 p.c22 cm. a1. La ciencia primitiva – 2. Los atenienses – 3. Los alejandrinos – 4. La edad media – 5. La geometría celeste – 6. La mecánica celeste – 7. Cambios de perspectiva y de método – 8. Otros desarrollos de los siglos XVII y XVIII – 9. El siglo XIX y la evolución – 10. Epilogo aspa1 aHull, L.W.H.1 aSacristán, Manuel